Charmed - Statistics

General Stats
  • This quiz has been taken 680 times
  • The average score is 11 of 12
Answer Stats
Hint Answer % Correct
The oldest sister? (1-3) Prue
100%
Wich sister dies? Prue
100%
Who has the power to mave things with their mind? Prue
100%
The middle sister?(1-3) Piper
99%
Who can freeze time and blow things up? Piper
99%
Who can orb? Paige and Leo
98%
What season does she die in? 3
96%
Who does Piper marry? Leo
96%
The youngest sister?(1-3) Phoebe
96%
Is he magical? Yes
92%
What is the charmed ones last name? Halliwell
91%
What is he? Whitelighter
82%
No matching quizzes found
Score Distribution
Percent of People with Each Score
Percentile by Number Answered
Your Score History
You have not taken this quiz